Where the sidewalk ends : the poems & drawings of ... Read More
Available copies
- 5 of 7 copies available at LARL/NWRL Consortium.
- 2 of 4 copies available at Lake Agassiz Regional Library. (Show preferred library)
Current holds
1 current hold with 7 total copies.
Show Only Available Copies
| Location | Call Number / Copy Notes | Barcode | Shelving Location | Status | Due Date |
|---|---|---|---|---|---|
| Barnesville Public Library | J 811.54 Sil (Text) | 33500005835988 | Main | Available | - |
| Detroit Lakes Public Library | J 811.54 SIL (Text) | 33500014287924 | Main | On holds shelf | - |
| Fosston Public Library | J 811.54 SIL (Text) | 33500014276851 | Main | Available | - |
| Moorhead Public Library | J 811.54 SIL (Text) | 33500014287916 | Main | Checked out | 07/17/2026 |
| Karlstad LINK Site | j 811 SIL (Text) | 35500005078165 | Main | Available | - |
| Roseau Public Library | j 811 SIL (Text) | 35500003920111 | Main | Available | - |
| Warroad Public Library | j 811 SIL (Text) | 35500001786670 | Main | Available | - |
Record details
- ISBN: 0060256672.
- ISBN: 0060256680
- ISBN: 9780060572341
- ISBN: 9780060256678
- Physical Description: 166 p. : ill. ; 23 cm.
- Publisher: New York : Harper and Row, 1974
Content descriptions
| General Note: | Includes index. |
| Summary, etc.: | A boy who turns into a TV set and a girl who eats ... Read More |
Search for related items by subject
| Subject: | Humorous poetry > Juvenile literature. |
| LDR | 01811cam a2200349I 4500 | ||
|---|---|---|---|
| 001 | 2244 | ||
| 003 | LARL_NWRL_CONSORTIUM | ||
| 005 | 20250912210332.0 | ||
| 008 | 750422s1974 nyua j 001 0 eng | ||
| 010 | . | ‡a70105486 /AC | |
| 019 | . | ‡a2013768 | |
| 020 | . | ‡a0060256672. ‡a0060256680 ‡blib. bdg. : ‡c$7.95 | |
| 020 | . | ‡a9780060572341 | |
| 020 | . | ‡a9780060256678 ‡q(hardcover) | |
| 035 | . | ‡a(OCoLC)1124292 | |
| 040 | . | ‡aDLC ‡cDLC ‡dm.c. ‡dOCL ‡dKRL | |
| 082 | . | ‡a811/.5/4 | |
| 092 | . | ‡a811.54 ‡bSil | |
| 092 | . | ‡a811.54 ‡bS | |
| 100 | 1 | . | ‡aSilverstein, Shel. ‡0(LARL_NWRL_CONSORTIUM)56624 |
| 245 | 1 | 0. | ‡aWhere the sidewalk ends : ‡bthe poems & drawings of Shel Silverstein. |
| 260 | . | ‡aNew York : ‡bHarper and Row, ‡c1974 | |
| 300 | . | ‡a166 p. : ‡bill. ; ‡c23 cm. | |
| 500 | . | ‡aIncludes index. | |
| 520 | . | ‡aA boy who turns into a TV set and a girl who eats a whale are only two of the characters in a collection of humorous poetry illustrated with the author's own drawings. | |
| 650 | 0. | ‡aHumorous poetry ‡vJuvenile literature. | |
| 901 | . | ‡a2244 ‡bOCLC ‡c2244 ‡tbiblio | |

Add to basket
Permalink
Disable Highlighting